James Cameron Cast - Sudden Death - Statistics

General Stats
  • This quiz has been taken 32 times
  • The average score is 10 of 17
Answers on the Grid
Answers color-coded by a green-red scale on the quiz's grid according to % correct below.
Matt Damon
Lance Henriksen
Sigourney Weaver
Bill Murray
Chris Evans
Mel Gibson
Jamie Lee Curtis
Arnold Schwarzenegger
O.J. Simpson
Michael Biehn
Dean Norris
Billy Idol
Charlton Heston
Bill Paxton
Edward Furlong
Gwyneth Paltrow
Matthew McConaughey
Edward Norton
Mary Elizabeth Mastrantonio
Channing Tatum
Linda Hamilton
Kathy Bates
Robert Patrick
Xander Berkeley
Ed Harris
Glenn Close
Uma Thurman
Kate Winslet
Tom Arnold
Meryl Streep
 
Answer Stats
Answer % Correct
Arnold Schwarzenegger
90%
Kate Winslet
86%
Sigourney Weaver
86%
Linda Hamilton
81%
Jamie Lee Curtis
71%
Kathy Bates
71%
Michael Biehn
71%
Mary Elizabeth Mastrantonio
62%
Dean Norris
57%
Bill Paxton
52%
Edward Furlong
52%
Lance Henriksen
52%
Robert Patrick
52%
Ed Harris
48%
Tom Arnold
43%
Xander Berkeley
38%
Charlton Heston
29%
No matching quizzes found
Score Distribution
Percent of People with Each Score
Percentile by Number Answered
Your Score History
You have not taken this quiz